| 000 | 00750cam a22002292 4500 | ||
|---|---|---|---|
| 001 | 0000002388 | ||
| 005 | 20151021151057.0 | ||
| 008 | 070410s xx 000 0 eng d | ||
| 020 | _a0130279501, 8177582062 | ||
| 040 |
_aKABU _cKABU |
||
| 050 | 0 |
_aHF5549 _b.G74 2001 |
|
| 100 | 1 |
_aGreer, Charles R. _@0000151738 |
|
| 245 | 1 | 0 |
_aStrategic human resource management / _cCharles R. Greer. |
| 250 | _a2nd ed. | ||
| 260 |
_aUpper Saddle River, N.J. : _bPrentice Hall, _cc2001. |
||
| 300 |
_axix, 348 p. : _bill. ; _c23 cm. |
||
| 504 | _aIncludes bibliographical references and index. | ||
| 650 | 0 |
_aPersonnel management. _@0000150761 |
|
| 852 | 1 | _9p2800 KES | |
| 908 | _a070410 | ||
| 950 | _@1 | ||
| 999 |
_c420 _d420 |
||